Determinants of stock price in Nepal Stock Exchange with special focus to commercial banks (Record no. 37612)
[ view plain ]
| 000 -LEADER | |
|---|---|
| fixed length control field | 008260000a22003130004500 |
| 082 ## - DEWEY DECIMAL CLASSIFICATION NUMBER | |
| Classification number | 658.15224 |
| Item number | G344d |
| -- | D |
| 041 ## - LANGUAGE CODE | |
| Language code of text/sound track or separate title | Eng |
| 100 ## - MAIN ENTRY--PERSONAL NAME | |
| Personal name | Ghimire, Bimal |
| 245 ## - TITLE STATEMENT | |
| Title | Determinants of stock price in Nepal Stock Exchange with special focus to commercial banks |
| 260 ## - PUBLICATION, DISTRIBUTION, ETC. (IMPRINT) | |
| Place of publication, distribution, etc | Kathmandu, Nepal |
| 260 ## - PUBLICATION, DISTRIBUTION, ETC. (IMPRINT) | |
| Date of publication, distribution, etc | 2004 |
| 300 ## - PHYSICAL DESCRIPTION | |
| Extent | 146p. |
| Other physical details | illus. |
| 518 ## - DATE/TIME AND PLACE OF AN EVENT NOTE | |
| Date/time and place of an event note | 2006/07/30 |
| 530 ## - ADDITIONAL PHYSICAL FORM AVAILABLE NOTE | |
| Additional physical form available note | Dis |
| 502 ## - DISSERTATION NOTE | |
| Dissertation note | Dissertation |
| -- | Degree in Management |
| -- | T.U., Shanker Dev Campus |
| 500 ## - GENERAL NOTE | |
| General note | Includes bibliography |
| 650 ## - SUBJECT ADDED ENTRY--TOPICAL TERM | |
| Topical term or geographic name as entry element | Stocks |
| 650 ## - SUBJECT ADDED ENTRY--TOPICAL TERM | |
| Topical term or geographic name as entry element | Share holders |
| 650 ## - SUBJECT ADDED ENTRY--TOPICAL TERM | |
| Topical term or geographic name as entry element | Shares |
| 650 ## - SUBJECT ADDED ENTRY--TOPICAL TERM | |
| Topical term or geographic name as entry element | Public participation |
| 650 ## - SUBJECT ADDED ENTRY--TOPICAL TERM | |
| Topical term or geographic name as entry element | Investment |
| 650 ## - SUBJECT ADDED ENTRY--TOPICAL TERM | |
| Topical term or geographic name as entry element | Commercial banks |
| 650 ## - SUBJECT ADDED ENTRY--TOPICAL TERM | |
| Topical term or geographic name as entry element | Financial management |
| 651 ## - SUBJECT ADDED ENTRY--GEOGRAPHIC NAME | |
| Geographic name | Nepal |
| 650 ## - SUBJECT ADDED ENTRY--TOPICAL TERM | |
| Topical term or geographic name as entry element | Stock exchange |
| 650 ## - SUBJECT ADDED ENTRY--TOPICAL TERM | |
| Topical term or geographic name as entry element | Stock price |
| 650 ## - SUBJECT ADDED ENTRY--TOPICAL TERM | |
| Topical term or geographic name as entry element | MBS |
| 942 ## - ADDED ENTRY ELEMENTS (KOHA) | |
| Koha item type | General Collections |
| Withdrawn status | Lost status | Damaged status | Not for loan | Home library | Current library | Date acquired | Total Checkouts | Barcode | Date last seen | Price effective from |
|---|---|---|---|---|---|---|---|---|---|---|
| Tribhuvan University Central Library | Tribhuvan University Central Library | 06/20/2010 | D12524 | 06/20/2010 | 06/20/2010 |
